| 000 | | | 03825nac2a22002533x 450 |
| 001 | | | ab354476-45ae-4b62-bbba-04fff3a7fd3b |
| 005 | | | 20190226082410.0 |
| 100 | ## | $a | 20190110l 1919k y0rusy50 ca |
| 101 | 0# | $a | rus |
| 102 | ## | $a | RU |
| 105 | ## | $a | y z |||e| |
| 200 | 1# | $a | Переписка с разными учреждениями о реквизиции помещений, принадлежащих украинским организациям. Заявления о возвращении реквизированных помещений |
| | $j | 28 февраля 1918 - 31 января 1919 |
| 215 | ## | $a | 7 листов |
| 251 | ## | $c | Дело |
| 300 | ## | $a | На папке дела: 29 февраля 1918 г. - 31 января 1919 г. |
| 300 | ## | $a | В деле имеются телеграммы |
| 300 | ## | $a | Машинописный и рукописный текст |
| 324 | ## | $a | В деле имеются копии отдельных документов |
| 461 | #0 | $1 | 0010f0e3429-2e37-4fb4-ace0-6332d350a692 |
| | $1 | 2001 |
| | $a | Министерство внутренних дел Российского правительства. Омск |
| | $1 | 251 |
| | $c | Фонд |
| | $1 | 852 |
| | $j | 1700 |
| | $g | Р |
| 462 | #0 | $1 | 001fc526e9e-3b76-4f4f-9aa4-d2ea0e927c42 |
| | $1 | 2001 |
| | $a | Департамент Государственного призрения. 1918-1920 гг. |
| | $v | Д. 11 |
| | $1 | 251 |
| | $c | Опись |
| | $1 | 852 |
| | $j | 6 |
| 601 | 02 | $3 | RU\NLR\AUTH\8810247804 |
| | $a | Временное Сибирское правительство |
| | $b | Министерство внутренних дел |
| 801 | #0 | $a | RU |
| | $b | GA_RF |
| 801 | #1 | $a | RU |
| | $b | ГлавНИВЦ |
| | $c | 20190110 |
| | $2 | rusmarc |
| 801 | #2 | $a | RU |
| | $b | ПБ им. Б.Н. Ельцина |
| | $c | 20190226 |
| | $g | RCR |
| | $2 | rusmarc |
| 852 | ## | $a | ГА РФ |
| | $j | 11 |
| 937 | ## | $d | 126135625 |
| | $h | ПБ |
| 035 | ## | $a | RuPRLIB51054631 |
| 856 | ## | $u | http://readingroom.main.prlib.ru/item.aspx?id_node=n126135625&mode=full |